| 000 | 00898nas a2200301 4500 | ||
|---|---|---|---|
| 001 | BR0705151 | ||
| 003 | BR-BrBNA | ||
| 005 | 20231205111215.0 | ||
| 007 | ta | ||
| 008 | 230509b bl.|||p| |||| 00| 00por d | ||
| 040 |
_aBR-BrBNA _bpor _cBiblioteca Nacional de Agricultura |
||
| 041 | _a(Pt) | ||
| 072 | _aF01; F06 | ||
| 100 | 1 | _aLoges, V. | |
| 100 | 1 | _aCastro, A.C.R. de | |
| 100 | 1 | _aTeixeira, M. do C.F. | |
| 100 | 1 | _aCastro, M.F.A. de | |
| 245 | 1 | _aExperiências de cultivo de antúrio para flor de corte em Pernambuco | |
| 650 | _aCULTIVO | ||
| 650 | _aANTÚRIO | ||
| 650 | _aFLOR PARA CORTE | ||
| 650 | _aCOMERCIALIZAÇÃO | ||
| 650 | _aPRODUTIVIDADE | ||
| 650 | _aPERNAMBUCO | ||
| 773 | 0 |
_tRevista Brasileira de Horticultura Ornamental (Brazil) _xISSN 1414-039X _g(2004), v.10(1-2) p. 38-41 _wBR0705151 |
|
| 909 |
_a202311 _bLúcia _c55 _dLúcia Elande |
||
| 942 |
_2AGRIS _n0 _cANA |
||
| 999 |
_c191341 _d191341 |
||